Scottish Football Tiers 1 to 5 - Statistics

General Stats
  • This quiz has been taken 69 times
  • The average score is 49 of 75
Answer Stats
Answer % Correct
Celtic
100%
Dundee
100%
Dundee United
100%
Hearts
100%
Hibernian
100%
Rangers
100%
Aberdeen
98%
Inverness CT
98%
Ayr United
95%
Kilmarnock
95%
Ross County
95%
St Johnstone
95%
Motherwell
93%
Queen of the South
93%
Alloa Athletic
90%
East Fife
90%
Falkirk
90%
Hamilton Accies
90%
Livingston
90%
Arbroath
88%
Peterhead
88%
St Mirren
88%
Wick Academy
88%
Airdrie
85%
Queens Park
85%
Raith Rovers
85%
Berwick Rangers
83%
Dunfermline Athletic
83%
Edinburgh City
83%
Montrose
83%
Partick Thistle
83%
Stirling Albion
83%
Clyde
80%
Cove Rangers
80%
Dumbarton
80%
Stenhousemuir
80%
Stranraer
80%
Brechin City
78%
Greenock Morton
78%
Elgin City
75%
Annan Athletic
73%
Cowdenbeath
73%
Forfar Athletic
73%
Brora Rangers
70%
Albion Rovers
68%
Fort William
63%
East Kilbride
60%
Fraserburgh
60%
Kelty Hearts
60%
Gretna 2008
55%
Buckie Thistle
53%
Keith
53%
Inverurie Loco Works
50%
Spartans
50%
East Stirlingshire
45%
Nairn County
45%
Lossiemouth
43%
Huntly
40%
Bonnyrigg Rose
35%
Deveronvale
33%
Rothes
33%
Strathspey Thistle
33%
Formartine United
30%
Forres Mechanics
30%
Turriff United
30%
Cumbernauld Colts
28%
Gala Fairydean Rovers
28%
Caledonian Braves
23%
Edinburgh University
13%
BSC Glasgow
10%
Civil Service Strollers
10%
Vale of Leithen
10%
University of Stirling
8%
Clachnacluddin FC
3%
Dalbeatie Star
3%
No matching quizzes found
Score Distribution
Percent of People with Each Score
Percentile by Number Answered
Your Score History
You have not taken this quiz